| 000 | 01057nam a2200205 a 4500 | ||
|---|---|---|---|
| 001 | 30449 | ||
| 005 | 20180713233649.0 | ||
| 008 | 140415s2007 000 0 spa d | ||
| 020 | _a9789700775463 | ||
| 041 | _aspa | ||
| 082 |
_a345.7204 _bDIA |
||
| 100 | 1 | _aDíaz Aranda, Enrique,. | |
| 245 | 1 | 0 | _aDOLO CASUALISMO FINALISMO FUNCIONALISMO Y LA REFORMA PENAL |
| 250 | _a1ª EDICIÓN | ||
| 260 |
_a[s.l.] : _bPORRUA, _c2007 |
||
| 300 |
_a267 _c14 x 2 x 22 |
||
| 500 | _aEL LIBRO CONTIENE INDICE DE ABREVIATURAS Y REFERENCIAS BIBLI | ||
| 520 | _aEN ESTA MONOGRAFIA SE ACLARA POR QUE CON LA EVOLUCION DE LOS SISTEMAS PENALES (CLASICO, NEOCLASICO, FINALISTA Y FUNCIONALISTA FUE NECESARIO CAMBIER LA UBICACIÓN DEL DOLO DE LA CULPABILIDAD AL TIPO, CUALES SON SUS APLICACIONES CONSEPTUALES, COMO SE PUEDE COMPROBAR EN EL PROCEDIMIENTO PENAL MEXICANO, Y POR QUE LA REFORMA DE 1999 AL CODIGO ADJETIVO TIENE UNA ORIENTACION POLITICO CRIMINAL CONTRATARIA A LOS POSTULADOS DE UN ESTADO DEMOCRATICO DE DERECHO. | ||
| 700 | 1 |
_aCLAUS ROXIN _epról. |
|
| 999 |
_c30449 _d30449 |
||